Metódy vzdelávania v ďalšom kvalifikačnom vzdelávaní
Význam celoživotného vzdelávania. Profesijné vzdelávanie v rámci vzdelávania dospelých. Ďalšie kvalifikačné vzdelávanie, kde realizačná stránka vzdelávania cez uplatnenie metód vzdelávania umožní dosiahnuť požadované výsledky vzdelávania. Jednotlivé druhy ďalšieho kvalifikačného vzdelávania.
Salvato in:
| Autore principale: | |
|---|---|
| Natura: | Capitolo di libro |
| Lingua: | slovacco |
| Soggetti: | |
| Tags: |
Nessun Tag, puoi essere il primo ad aggiungerne!!
|
MARC
| LEADER | 00000naa a2200000 4500 | ||
|---|---|---|---|
| 001 | 0260721 | ||
| 005 | 20240502074130.6 | ||
| 041 | 0 | |a slo | |
| 044 | |a SK | ||
| 245 | 1 | 0 | |a Metódy vzdelávania v ďalšom kvalifikačnom vzdelávaní |
| 520 | |a Význam celoživotného vzdelávania. Profesijné vzdelávanie v rámci vzdelávania dospelých. Ďalšie kvalifikačné vzdelávanie, kde realizačná stránka vzdelávania cez uplatnenie metód vzdelávania umožní dosiahnuť požadované výsledky vzdelávania. Jednotlivé druhy ďalšieho kvalifikačného vzdelávania. | ||
| 610 | 2 | 0 | |a vzdelávanie |
| 610 | 2 | 0 | |a vzdelávanie celoživotné |
| 610 | 2 | 0 | |a vzdelávanie ďalšie |
| 610 | 2 | 0 | |a vzdelávanie dospelých |
| 610 | 2 | 0 | |a školenie odborné |
| 100 | 1 | |a Matulčíková, Marta, 1964- | |